Do I want to study? Experimenting with students' motivation

Saved in:
Bibliographic Details
Main Author: Brokešová, Zuzana, 1985-
Other Authors: Kocúrek, Martin, 1990-, Pastoráková, Erika, 1972-, Péliová, Jana, 1976-
Format: Book Chapter
Language:English
Subjects:
Tags: Add Tag
No Tags, Be the first to tag this record!

MARC

LEADER 00000nla a2200000 4500
001 0240089
005 20240502073908.4
041 0 |a eng 
044 |a SK 
245 1 0 |a Do I want to study? Experimenting with students' motivation  |c Zuzana Brokesova, Martin Kocurek, Erika Pastorakova, Jana Peliova 
500 |a Abstrakt 
610 2 0 |a študenti 
610 2 0 |a vzdelávanie 
610 2 0 |a výkony pracovné 
610 2 0 |a motivácia 
100 1 |a Brokešová, Zuzana, 1985- 
700 1 |a Kocúrek, Martin, 1990- 
700 1 |a Pastoráková, Erika, 1972- 
700 1 |a Péliová, Jana, 1976-